00905nam a2200253Ia 4500008004100000020002200041050002000063050001400083245003100097245005500128245003300183260001700216260002100233260000900254300001600263300002000279300001100299500005100310650005200361650005500413650004800468999001900516952011600535160418s9999 xx 000 0 und d a978-971-584-640-0 aFIL PL 5665.25  b.M37 2008 aMasining na pagpapahayag : bpasalita at pasulat na diskurso : dulog modyular / cSimplicio P. Bisa… [et al] aQuezon City: bC & E Pub. Inc., c2008 a384 pages : billustrations ; c23 cm. aIncludes bibliographical references and index. aFilipino language -- Composition and exercises. aFilipino language -- Study and teaching (Higher).  xFilipino language -- Rhetoric -- Textbooks. c293424d293424 001040aSMCbSMCcFILd2012-07-10l0oFIL PL 5665.25 .M37 2008pSMC05755r2016-04-18 00:00:00w2016-04-18yBK